| 000 | 00659nam a2200265Ia 4500 | ||
|---|---|---|---|
| 008 | 210210b2002 xxu||||| |||| 00| 0 eng d | ||
| 020 | _a817391530X | ||
| 041 | _aeng | ||
| 082 | _a323.423 MAJN | ||
| 100 | _aMAJEED (Akhtar) Ed | ||
| 245 | _aNation and minorities: India's plural society and its constituents | ||
| 260 |
_aNew Delhi _bKanishka Publishers & Distributors _c2002 |
||
| 300 | _axix,294 | ||
| 650 | _asociety | ||
| 650 | _as | ||
| 650 | _aplural | ||
| 650 | _aNation | ||
| 650 | _aminorities: | ||
| 650 | _aits | ||
| 650 | _aIndia | ||
| 650 | _aconstituents | ||
| 650 | _aand | ||
| 690 | _aRelation of State | ||
| 906 | _a064251 | ||
| 999 |
_c140292 _d140292 |
||